Küreselleşmede nasıl bir medya düzeni! (Record no. 4151)

MARC details
000 -BAŞLIK
Sabit Uzunlukta Kontrol Alanı 00713na a2200253 4500
001 - KONTROL NUMARASI
Denetim Alanı 17685
003 - KONTROL NUMARASI IDENTIFIER
Denetim Alanı MIRAKIL
005 - SON İŞLEM TARİHİ VE ZAMANI
Denetim Alanı 20181213154955.0
008 - SABİT-BOY VERİ ELEMANLARI - GENEL BİLGİLER
Sabit Uzunlukta Kontrol Alanı 170807b tu 000 0
020 ## - ULUSLARARASI STANDART KİTAP NUMARASI
Uluslararası Standart Kitap Numarası 9752883990
040 ## - KATALOGLAMA KAYNAK
Orijinal Kataloglama Ajansı Milas
Kataloglama Dili tur
Metne Dönüştürmek Ajansı TR-AnCHP
041 ## - DİL KODU
Metin / Ses Parça Veya Ayrı Başlığın Dil Kodu tur
082 ## - DEWEY ONLU SINIFLANDIRMA NUMARASI
Sınıflandırma Numarası 302.2
Ürün Numarası Ö47k 2003
090 ## - SINIFLAMA NUMARASI
Sınıflama Numarası 302.2 Ö47k 2003
100 ## - ANA GİRİŞ - KİŞİSEL İSİM
Kişisel Ad Öksüz, Süheyla
245 ## - BAŞLIK TABLOSU
Başlık Küreselleşmede nasıl bir medya düzeni!
Sorumluluk Tablosu, Vb Süheyla Öksüz
260 ## - YAYIN, DAĞITIM, VB
Yayın, Dağıtım, Vb Yeri Ankara
Yayıncı, Dağıtıcı, Vs Adı [yayl. y.]
Yayın, Dağıtım, Vb Tarihi 2003
Üretici Firma Star Ajans Matbaacılık
300 ## - FİZİKSEL TANIM
Kapsam 188 s.
Boyutlar 20 sm.
500 ## - GENEL NOT
Genel Not Yapıt yazarından imzalıdır.
504 ## - KAYNAKÇA VB NOT
Kaynakça Vb Notu Kaynakça var.
610 ## - KONU KATMA GİRİŞ - TOPLANTI ADI
Giriş Elemanı Olarak Kurumsal Ad Veya Yargı Alanı Adı RTÜK
Genel Alt Bölüm İlkeler
650 ## - KONU KATMA GİRİŞ - TOPİKAL DÖNEM
Topikal Süreli Veya Coğrafi Ad Giriş Elemanı Medya
Genel Alt Bölümü İletişim
Kronolojik Alt Bölümü İlkeler
942 ## - EKLENDİ GİRİŞ ELEMANLARI (KOHA)
Sınıflandırma Veya Raf Düzeni Kaynak Dewey Decimal Classification
Koha Öğesi Türü Books
999 ## - SİSTEM KONTROL NUMARALARI (KOHA)
Koha Biblionumber 4151
Koha Biblioitemnumber 4151
Holdings
Kalıcı Konum Mevcut Konum Edinme Tarihi Edinim Kaynak Toplam Check-Out'Lar Tam Çağrı Numarası Barkod Tarih Son Görülme İtibaren Geçerli Fiyatlar Koha Öğesi Türü Kopya Sayısı
CHP Kütüphanesi CHP Kütüphanesi 11/01/2016 Bağış   302.2 Ö47k 2003 005990 11/01/2016 11/01/2016 Books  
CHP Kütüphanesi CHP Kütüphanesi 08/07/2017 Bağış   302.2 Ö47k 2003 017177 08/07/2017 08/07/2017 Books k.2